000 00792nam a2200229Ii 4500
003 JO-AjNU
008 230605s9999||||xx |||||||||||||| ||und||
017 _a2008/9/3234
020 _a9957-16-478-2
040 _aJO-AjNU
_bara
_erda
_cJO-AjNU
041 _aara
050 1 4 _aJQ1825.J6.A26.2011
100 3 _aالعماوى ، مصطفى صالح ,
_eauthor
_931942
245 0 0 _aالتنظيم السياسي والنظام الدستوري
250 _aط2
264 3 1 _aعمان : دار الثقافة ، 2011
300 _a336ص
336 _atext
_btxt
_2rdacontent
337 _aunmediated
_bn
_2rdamedia
338 _avolume
_bnc
_2rdacarrier
650 4 _aالقانون الدستوري -- التنمية السياسية -- الأردن -- تاريخ الاردن
_931943
999 _aA12834
_c16402
_d16402